Statistics for 2019 PDC World Darts Championship

Click here to take the quiz!

General Stats

  • This quiz has been taken 129 times
  • The average score is 39 of 93

Answer Stats

SeedCountryAnswer% Correct
1NetherlandsMichael van Gerwen
100%
3ScotlandPeter Wright
100%
4ScotlandGary Anderson
99%
27AustraliaKyle Anderson
97%
6WalesGerwyn Price
97%
8AustraliaSimon Whitlock
94%
2EnglandRob Cross
92%
7AustriaMensur Suljovic
91%
5Northern IrelandDaryl Gurney
88%
10EnglandMichael Smith
88%
IQCanadaJeff Smith
87%
IQAustraliaRaymond Smith
87%
PT31EnglandRoss Smith
87%
16NetherlandsRaymond van Barneveld
83%
15EnglandAdrian Lewis
81%
28WalesJamie Lewis
80%
9EnglandJames Wade
80%
21BelgiumKim Huybrechts
78%
PT16EnglandNathan Aspinall
71%
32GermanyMax Hopp
70%
12EnglandDave Chisnall
70%
PT27BelgiumDimitri van den Bergh
65%
11EnglandIan White
65%
23ScotlandJohn Henderson
65%
17WalesJonny Clayton
60%
IQSingaporePaul Lim
59%
PT7GermanyMartin Schindler
57%
13EnglandDarren Webster
57%
18EnglandStephen Bunting
56%
24NetherlandsJelle Klaasen
55%
31SpainCristo Reyes
53%
PT20NetherlandsVincent van der Voort
53%
PT2PolandKrzysztof Ratajski
52%
PT18Northern IrelandBrendan Dolan
50%
19EnglandMervyn King
50%
14EnglandJoe Cullen
49%
PT14ScotlandRobert Thornton
48%
PT4NetherlandsJeffrey de Zwaan
47%
IQSouth AfricaDevon Petersen
47%
PT22SpainToni Alcinas
45%
20EnglandSteve Beaton
43%
29NetherlandsJermaine Wattimena
42%
IQLithuaniaDarius Labanauskas
41%
PT9GermanyGabriel Clemens
41%
PT19IrelandWilliam O'Connor
37%
PT25EnglandLuke Humphries
35%
30NetherlandsBenito van de Pas
34%
PT5IrelandSteve Lennon
34%
IQJapanSeigo Asada
33%
IQBrazilDiogo Portela
30%
IQAustriaRowby-John Rodriguez
30%
PT23AustraliaPaul Nicholson
30%
PT6EnglandChris Dobey
29%
PT3EnglandRicky Evans
29%
PT28AustraliaCorey Cadby
29%
PT1NetherlandsDanny Noppert
28%
IQPortugalJose de Sousa
27%
IQHong KongRoyden Lam
24%
25EnglandAlan Norris
24%
IQSwedenDaniel Larsson
24%
PT30EnglandWayne Jones
24%
22EnglandSteve West
23%
IQRussiaBoris Koltsov
23%
PT15NetherlandsJan Dekker
21%
CTQNew ZealandCody Harris
21%
PT13Northern IrelandMickey Mansell
21%
PT12EnglandKeegan Brown
21%
PT10EnglandRyan Joyce
20%
IQPhilippinesNoel Malicdem
19%
26EnglandJames Wilson
17%
IQIndiaNitin Kumar
16%
PT32EnglandRyan Searle
16%
DTQEnglandTed Evetts
15%
IQRussiaAnastasia Dobromyslova
15%
IQCzech RepublicKarel Sedlacek
14%
IQCanadaJim Long
14%
IQGermanyRobert Marijanovic
14%
IQEnglandMatthew Edgar
12%
IQPhilippinesLourence Ilagan
12%
PT29EnglandAlan Tabern
12%
PT26NetherlandsJeffrey de Graaf
9%
PT11EnglandRichard North
9%
PT17NetherlandsRon Meulenkamp
9%
IQUnited StatesChuck Puleo
8%
IQNorthern IrelandKevin Burness
7%
PT21EnglandMichael Barnard
7%
PT24EnglandSimon Stevenson
6%
IQNew ZealandCraig Ross
3%
IQChinaYuanjun Liu
3%
DTQNetherlandsGeert Nentjes
3%
PT8EnglandJosh Payne
3%
IQAustraliaJames Bailey
1%
IQNetherlandsYordi Meeuwisse
1%

Score Distribution

Percentile by Number Answered

Percent of People with Each Score

Your Score History

You have not taken this quiz